Communication skills : (Record no. 358022)
[ view plain ]
| 000 -LEADER | |
|---|---|
| fixed length control field | 00623nam a2200217Ia 4500 |
| 008 - FIXED-LENGTH DATA ELEMENTS--GENERAL INFORMATION | |
| fixed length control field | 180620s9999 xx 000 0 und d |
| 020 ## - INTERNATIONAL STANDARD BOOK NUMBER | |
| International Standard Book Number | 978-81-207-2234-7 |
| 050 ## - LIBRARY OF CONGRESS CALL NUMBER | |
| Classification number | REF PE 1131 |
| 050 ## - LIBRARY OF CONGRESS CALL NUMBER | |
| Item number | .S86 2010 |
| 100 ## - MAIN ENTRY--PERSONAL NAME | |
| Personal name | Sunita, K.S. |
| 245 #0 - TITLE STATEMENT | |
| Title | Communication skills : |
| 245 #0 - TITLE STATEMENT | |
| Remainder of title | English conversation practice / |
| 245 #0 - TITLE STATEMENT | |
| Statement of responsibility, etc | K.S. Sunita, Annie Pothen, Sumita Roy; with a foreword by Prof. C. Subba Rao. |
| 260 ## - PUBLICATION, DISTRIBUTION, ETC. (IMPRINT) | |
| Place of publication, distribution, etc | New Delhi : |
| 260 ## - PUBLICATION, DISTRIBUTION, ETC. (IMPRINT) | |
| Name of publisher, distributor, etc | Sterling Paper Back., |
| 260 ## - PUBLICATION, DISTRIBUTION, ETC. (IMPRINT) | |
| Date of publication, distribution, etc | 2010 |
| 300 ## - PHYSICAL DESCRIPTION | |
| Extent | 123 pages : |
| 300 ## - PHYSICAL DESCRIPTION | |
| Dimensions | 22 cm. |
| 650 ## - SUBJECT ADDED ENTRY--TOPICAL TERM | |
| Topical term or geographic name as entry element | Conversation. |
| 650 ## - SUBJECT ADDED ENTRY--TOPICAL TERM | |
| General subdivision | English language -- Exercises. |
| Withdrawn status | Lost status | Damaged status | Home library | Current library | Shelving location | Date acquired | Cost, normal purchase price | Total Checkouts | Full call number | Barcode | Date last seen | Price effective from | Koha item type |
|---|---|---|---|---|---|---|---|---|---|---|---|---|---|
| South Mansfield College | South Mansfield College | Reference Section | 02/14/2011 | 155.00 | REF PE 1131 .S86 2010 | SMC05326 | 06/20/2018 | 06/20/2018 |